[Event "Titled Tue 20th May Early"]
[Site "chess.com INT"]
[Date "2025.05.20"]
[Round "6"]
[White "Andriienko, Artom"]
[Black "Tsolakidou, Stavroula"]
[Result "0-1"]
[BlackTitle "IM"]
[WhiteElo "2153"]
[BlackElo "2428"]
[WhiteFideId "34129510"]
[BlackFideId "4264312"]
[EventDate "2025.05.20"]

1. d4 Nf6 2. c4 e6 3. g3 c5 4. d5 exd5 5. cxd5 d6 6. Bg2 g6 7. e4 Bg7 8. Ne2 O-O
9. O-O Nbd7 10. Nec3 Rb8 11. a4 b6 12. Bf4 Ne8 13. Na3 a6 14. Re1 Ne5 15. Bc1 f5
16. f4 Ng4 17. e5 dxe5 18. h3 exf4 19. hxg4 Bd4+ 20. Kh1 fxg3 21. g5 f4 22. Ne4
Bf5 23. Bxf4 Bxe4 24. Rxe4 Nd6 25. Rxd4 cxd4 26. Qxd4 Rc8 27. Bh3 Nf5 28. Qd3
Rc5 29. Rd1 g2+ 30. Bxg2 Nh4 31. Qh3 Rxf4 32. Qe6+ Kf8 0-1

[Event "Titled Tue 20th May Early"]
[Site "chess.com INT"]
[Date "2025.05.20"]
[Round "6"]
[White "Piesik, Piotr"]
[Black "Karpenko, Anton"]
[Result "1-0"]
[WhiteTitle "IM"]
[BlackTitle "CM"]
[WhiteElo "2436"]
[BlackElo "2218"]
[WhiteFideId "1136194"]
[BlackFideId "34374353"]
[EventDate "2025.05.20"]

1. Nf3 c5 2. g3 b6 3. Bg2 Bb7 4. O-O Nf6 5. c4 e6 6. d3 d6 7. e4 Be7 8. Ne1 O-O
9. e5 Bxg2 10. exf6 Bxf1 11. fxe7 Qxe7 12. Kxf1 Nc6 13. Nc3 Rad8 14. Nc2 Rfe8
15. Qf3 Ne5 16. Qe2 Nc6 17. Bf4 Qd7 18. Re1 d5 19. Qf3 Nd4 20. Nxd4 cxd4 21. Nb5
dxc4 22. dxc4 e5 23. Rxe5 Rxe5 24. Bxe5 Qe6 25. Nxd4 Qxc4+ 26. Kg2 Qxa2 27. Nf5
f6 28. Qg4 Qd5+ 29. Kh3 Rd7 30. Bxf6 g6 31. Ne7+ Kf8 32. Nxd5 1-0

[Event "Titled Tue 20th May Early"]
[Site "chess.com INT"]
[Date "2025.05.20"]
[Round "6"]
[White "Sourath, Biswas"]
[Black "Shevkunov, Vladyslav"]
[Result "0-1"]
[WhiteTitle "FM"]
[WhiteElo "2201"]
[BlackElo "2073"]
[WhiteFideId "35091484"]
[BlackFideId "30953448"]
[EventDate "2025.05.20"]

1. d4 d5 2. Bf4 Nf6 3. e3 e6 4. Nf3 Bd6 5. c3 c5 6. Bb5+ Nc6 7. Bg3 O-O 8. Nbd2
a6 9. Bxc6 bxc6 10. Qa4 Rb8 11. Qa3 Bxg3 12. hxg3 Qb6 13. b3 cxd4 14. cxd4 a5
15. Rc1 Ba6 16. Ne5 Qb5 17. Kd1 Ne4 18. Re1 Nxf2+ 19. Kc2 f6 20. Nec4 dxc4 21.
bxc4 Qb4 22. Qxb4 Rxb4 23. a3 Rb7 24. Rf1 Ng4 25. Kd3 Rd8 26. Rf4 Ne5+ 27. Kc3
Ng6 28. Rff1 e5 29. Nb3 exd4+ 30. exd4 Re7 31. Nc5 Bc8 32. Rfe1 Rde8 33. Rxe7
Rxe7 34. Rb1 Bf5 35. Rb8+ Kf7 36. Kd2 h5 37. Ra8 h4 38. gxh4 Nxh4 39. Rxa5 Nxg2
40. Ra6 Ne3 41. Kc3 Nd1+ 42. Kd2 Ne3 43. Kc3 g5 44. Rxc6 g4 45. d5 g3 46. d6 g2
47. dxe7 g1=Q 48. Rxf6+ Kxe7 49. Rb6 Qc1+ 50. Kd4 Qxc4+ 51. Kxe3 Qxc5+ 52. Kf4
Qxb6 53. Kxf5 Qa5+ 0-1

[Event "Titled Tue 20th May Early"]
[Site "chess.com INT"]
[Date "2025.05.20"]
[Round "6"]
[White "Kovalevsky, Stanislav"]
[Black "Iskusnyh, Sergei"]
[Result "0-1"]
[WhiteTitle "FM"]
[BlackTitle "GM"]
[WhiteElo "2098"]
[BlackElo "2440"]
[WhiteFideId "13508598"]
[BlackFideId "4120027"]
[EventDate "2025.05.20"]

1. c4 c5 2. Nc3 g6 3. a3 Bg7 4. b4 d6 5. g3 Nc6 6. Rb1 Nf6 7. Bg2 O-O 8. d3 Ng4
9. Bd2 Qd7 10. h3 Nh6 11. Nf3 Rb8 12. O-O b6 13. bxc5 dxc5 14. g4 Bb7 15. Qc1
Nxg4 16. hxg4 Qxg4 17. Ne4 h5 18. Bf4 Rbc8 19. Kh2 Qd7 20. Bh3 f5 21. Bh6 e5 22.
Ng3 Rce8 23. Rg1 Nd4 24. Bxg7 Qxg7 25. Nxd4 exd4 26. Nxf5 Rxf5 27. Bxf5 Qe5+ 28.
f4 Qxf5 29. Qd2 Re3 30. Rg3 Qxf4 31. Rg1 Qh4+ 32. Rh3 Qxh3# 0-1

[Event "Titled Tue 20th May Early"]
[Site "chess.com INT"]
[Date "2025.05.20"]
[Round "6"]
[White "Ermolaev, Evgeny"]
[Black "Andrade, Ivan"]
[Result "1-0"]
[WhiteTitle "FM"]
[BlackTitle "FM"]
[WhiteElo "2282"]
[BlackElo "2161"]
[WhiteFideId "24103195"]
[BlackFideId "14800039"]
[EventDate "2025.05.20"]

1. d4 Nf6 2. c4 e6 3. Nf3 b6 4. g3 Ba6 5. Nbd2 d5 6. Bg2 Be7 7. O-O O-O 8. Ne5
c6 9. b3 Nfd7 10. Nd3 Bf6 11. Bb2 Re8 12. e4 dxc4 13. bxc4 e5 14. d5 Nc5 15.
Nxc5 bxc5 16. Qa4 Bb7 17. Nb3 Qb6 18. Bc3 Nd7 19. Rab1 Qa6 20. Na5 Nb6 21. Qa3
Rac8 22. d6 Red8 23. Rfd1 Ba8 24. Qxc5 Nd7 25. Qe3 c5 26. Rb2 Kf8 27. h4 h6 28.
Bh3 Bc6 29. Nxc6 1-0

[Event "Titled Tue 20th May Early"]
[Site "chess.com INT"]
[Date "2025.05.20"]
[Round "6"]
[White "Yevchenko, Oleksandr"]
[Black "Do Carmo, Gabriel Carckeno"]
[Result "1-0"]
[WhiteTitle "CM"]
[WhiteElo "2276"]
[BlackElo "2021"]
[WhiteFideId "14108267"]
[BlackFideId "22783024"]
[EventDate "2025.05.20"]

1. c4 c5 2. Nf3 Nc6 3. e3 e5 4. d4 cxd4 5. exd4 e4 6. d5 exf3 7. dxc6 Bb4+ 8.
Nc3 Qe7+ 9. Be3 fxg2 10. cxd7+ Bxd7 11. Bxg2 Nf6 12. O-O O-O 13. Nd5 Nxd5 14.
cxd5 Bd6 15. Qh5 f5 16. Rfe1 Qf6 17. Rad1 Be5 18. Bg5 Qd6 19. f4 Bxb2 20. Be7
Qb6+ 21. Kh1 Rf7 22. d6 Bc6 23. d7 Bxg2+ 24. Kxg2 Qc6+ 25. Qf3 Qc2+ 26. Kh3 Rxe7
27. Rxe7 Kf8 28. Rde1 Bf6 29. Re8+ Kf7 30. Qh5+ g6 31. Qxh7+ Bg7 32. Qg8+ Kf6
33. R1e6# 1-0

[Event "Titled Tue 20th May Early"]
[Site "chess.com INT"]
[Date "2025.05.20"]
[Round "6"]
[White "Sailer, Mike"]
[Black "Khafizova, Diana"]
[Result "0-1"]
[BlackTitle "WFM"]
[WhiteElo "2108"]
[BlackElo "2073"]
[WhiteFideId "2012901"]
[BlackFideId "34378049"]
[EventDate "2025.05.20"]

1. d4 g6 2. Nf3 Bg7 3. Bf4 d6 4. e3 Nf6 5. Be2 O-O 6. h3 Nfd7 7. O-O e5 8. Bh2
c6 9. c4 f5 10. Nc3 Kh8 11. b4 e4 12. Nd2 Nf6 13. b5 Be6 14. bxc6 bxc6 15. Rb1
g5 16. Rb7 Ne8 17. Qa4 d5 18. Rxa7 Rxa7 19. Qxa7 Nd7 20. cxd5 cxd5 21. Bb5 f4
22. Bxd7 Bxd7 23. Qb7 Be6 24. a4 Nd6 25. Qa6 Bg8 26. Nb5 Nf5 27. exf4 Nxd4 28.
Nxd4 Bxd4 29. Nb3 Bg7 30. fxg5 d4 31. Qd6 Bxb3 32. Qxd8 Rxd8 33. a5 d3 34. Bf4
Bc4 35. Bd2 Bd4 36. Rb1 Rf8 37. Rb4 Bxf2+ 38. Kh1 Ba6 39. Rxe4 Bg3 40. Bc3+ Kg8
41. Re7 Rf1# 0-1

[Event "Titled Tue 20th May Early"]
[Site "chess.com INT"]
[Date "2025.05.20"]
[Round "6"]
[White "Skiadopoulos, Nikolaos"]
[Black "Zepeda Berlanga, Jan Enrique"]
[Result "1-0"]
[WhiteTitle "CM"]
[BlackTitle "CM"]
[WhiteElo "1882"]
[BlackElo "1941"]
[WhiteFideId "4200772"]
[BlackFideId "5132355"]
[EventDate "2025.05.20"]

1. e4 e5 2. f4 exf4 3. Bc4 Qh4+ 4. Kf1 Nf6 5. Nf3 Qh5 6. d3 d5 7. exd5 Nxd5 8.
Bxd5 Qxd5 9. Bxf4 Bd6 10. Nc3 Qc6 11. Qe2+ Be6 12. Nd4 Qd7 13. Bxd6 cxd6 14.
Nxe6 fxe6 15. g3 Nc6 16. Kg2 O-O 17. Rhf1 Nd4 18. Qd2 Qc6+ 19. Ne4 Qxc2 20. Qxc2
Nxc2 21. Rxf8+ Rxf8 22. Rc1 Ne3+ 23. Kh3 d5 24. Ng5 Nf5 25. Nxe6 Re8 26. Nf4 g5
27. Nxd5 Rd8 28. Nf6+ Kg7 29. Ne4 h6 30. Rc7+ Kg6 31. Rxb7 Rxd3 32. Rxa7 Rf3 33.
Kg4 1-0

[Event "Titled Tue 20th May Early"]
[Site "chess.com INT"]
[Date "2025.05.20"]
[Round "6"]
[White "Nagare Kaivalya Sandip"]
[Black "Bernadskiy, Vitaliy"]
[Result "0-1"]
[WhiteTitle "FM"]
[BlackTitle "GM"]
[WhiteElo "2321"]
[BlackElo "2523"]
[WhiteFideId "25957929"]
[BlackFideId "14100371"]
[EventDate "2025.05.20"]

1. e4 d5 2. exd5 Nf6 3. d4 Nxd5 4. Nf3 Bg4 5. Be2 e6 6. O-O Be7 7. c4 Nb6 8. b3
O-O 9. h3 Bh5 10. Nc3 Nc6 11. Be3 Bf6 12. g4 Bg6 13. Qd2 a5 14. a4 Nb4 15. Rac1
Re8 16. Rfd1 h6 17. Kh2 c6 18. Bf4 Nd7 19. Kg2 Qe7 20. h4 e5 21. dxe5 Nxe5 22.
Nxe5 Bxe5 23. Bxe5 Qxe5 24. f4 Be4+ 25. Nxe4 Qxe4+ 26. Bf3 Qe7 27. g5 Rad8 28.
Qe1 Qxe1 29. Rxe1 Nd3 30. Rxe8+ Rxe8 31. Rd1 Nxf4+ 32. Kg3 hxg5 33. hxg5 Ne6 34.
g6 fxg6 35. Be4 Rd8 36. Rxd8+ Nxd8 37. Bxg6 Kf8 38. Bf5 Ke7 39. Kf4 Kd6 40. Ke3
Ne6 41. Kd3 g5 0-1

[Event "Titled Tue 20th May Early"]
[Site "chess.com INT"]
[Date "2025.05.20"]
[Round "6"]
[White "Chiappero, Julio Alfredo"]
[Black "Shukhman, Anna"]
[Result "0-1"]
[WhiteTitle "FM"]
[BlackTitle "WGM"]
[WhiteElo "2238"]
[BlackElo "2413"]
[WhiteFideId "139998"]
[BlackFideId "54180058"]
[EventDate "2025.05.20"]

1. d4 d5 2. c4 e5 3. Nc3 dxc4 4. e3 exd4 5. exd4 Nc6 6. Be3 Nf6 7. Bxc4 Bd6 8.
Nf3 Bg4 9. h3 Bh5 10. O-O O-O 11. Be2 Ne7 12. Qb3 Nfd5 13. Bg5 h6 14. Bh4 Qd7
15. Nxd5 Nxd5 16. Bc4 Bxf3 17. Qxf3 c6 18. Rfe1 Rfe8 19. a3 Bc7 20. Bg3 Bxg3 21.
Qxg3 Nb6 22. Ba2 Qxd4 23. Qg6 Nd5 24. Qd6 Red8 25. Qg3 Qxb2 26. Bxd5 cxd5 27.
Rab1 Qd2 28. Red1 Qc2 29. Rdc1 Qf5 30. Rxb7 d4 31. Rcc7 d3 32. Rxf7 Qxf7 33.
Rxf7 Kxf7 34. Qc7+ Kg8 35. Qc4+ Kh8 36. Qc1 0-1

[Event "Titled Tue 20th May Early"]
[Site "chess.com INT"]
[Date "2025.05.20"]
[Round "6"]
[White "Hercegovac, Neven"]
[Black "Gutman, Gennadi"]
[Result "1-0"]
[WhiteTitle "FM"]
[BlackTitle "GM"]
[WhiteElo "2211"]
[BlackElo "2445"]
[WhiteFideId "2839135"]
[BlackFideId "14102277"]
[EventDate "2025.05.20"]

1. e4 c6 2. d4 d5 3. exd5 cxd5 4. Bd3 Nc6 5. c3 Nf6 6. h3 e5 7. dxe5 Nxe5 8. Nf3
Nxd3+ 9. Qxd3 Bd6 10. O-O O-O 11. Be3 h6 12. Nbd2 b6 13. Rfd1 Bb7 14. Nd4 Ne4
15. Nf5 Be5 16. Bd4 Qf6 17. Bxe5 Qxf5 18. Bd4 Qd7 19. Nxe4 dxe4 20. Qg3 f5 21.
Bc5 Qc6 22. Bxf8 Rxf8 23. Rd6 Qb5 24. Rad1 f4 25. Qg6 e3 26. fxe3 fxe3 27. Rd7
Rf1+ 28. Rxf1 Qxd7 29. Re1 Qc7 30. Rxe3 Qc5 31. Qg3 Qc6 32. Kh2 Qc5 33. b4 Qc4
34. Re7 1-0

[Event "Titled Tue 20th May Early"]
[Site "chess.com INT"]
[Date "2025.05.20"]
[Round "6"]
[White "Mizzi, Jack"]
[Black "Aarit Kapil"]
[Result "1-0"]
[WhiteTitle "CM"]
[BlackTitle "CM"]
[WhiteElo "2086"]
[BlackElo "2098"]
[WhiteFideId "5602521"]
[BlackFideId "33408947"]
[EventDate "2025.05.20"]

1. d4 Nf6 2. c4 e6 3. Nf3 d5 4. g3 Bd6 5. Nbd2 c6 6. Bg2 O-O 7. O-O Ne4 8. Nxe4
dxe4 9. Nd2 f5 10. Qc2 Be7 11. e3 Bg5 12. Nb3 Nd7 13. f3 exf3 14. Bxf3 e5 15. e4
exd4 16. Nxd4 Bxc1 17. Raxc1 Ne5 18. Nxf5 Bxf5 19. exf5 Qd4+ 20. Kg2 Nxf3 21.
Rxf3 Rad8 22. Rcf1 Rf6 23. Qc3 Qxc3 24. bxc3 b6 25. g4 h6 26. h4 Rfd6 27. R1f2
Rd2 28. g5 Rxf2+ 29. Rxf2 Rd3 30. Rf3 Rd2+ 31. Rf2 Rd3 32. Rf3 Rd2+ 33. Kg3 Rxa2
34. Rd3 hxg5 35. hxg5 Ra4 36. Kg4 Rxc4+ 37. Kh5 a5 38. Kg6 Kf8 39. Rd8+ Ke7 40.
Rb8 a4 41. Kxg7 a3 42. f6+ Ke6 43. f7 Rf4 44. f8=Q Rxf8 45. Kxf8 Kf5 46. Rxb6
Kxg5 47. Rxc6 Kf5 48. Ra6 Ke4 49. Rxa3 Kd3 50. Ke7 Kc4 51. Kd6 1-0

[Event "Titled Tue 20th May Early"]
[Site "chess.com INT"]
[Date "2025.05.20"]
[Round "6"]
[White "Alcazar Jimenez, Jesus Alberto"]
[Black "Mikhalsky, Vladimir"]
[Result "0-1"]
[WhiteTitle "FM"]
[WhiteElo "2141"]
[BlackElo "2219"]
[WhiteFideId "2209756"]
[BlackFideId "14144352"]
[EventDate "2025.05.20"]

1. e4 g6 2. d4 Bg7 3. Nc3 d6 4. f4 Nf6 5. Nf3 O-O 6. h3 c5 7. Be3 cxd4 8. Nxd4
e5 9. fxe5 dxe5 10. Ndb5 Qa5 11. Bd3 Rd8 12. Bd2 Qb6 13. Qf3 a6 14. Na3 Qxb2 15.
O-O Qxa3 16. Nd5 Nxd5 17. Qxf7+ Kh8 18. exd5 Qc5+ 19. Kh2 Qxd5 20. Qc7 Qd7 21.
Qc4 Qe6 22. Qh4 Nc6 23. Bg5 Rd4 24. g4 e4 25. Rae1 Bd7 26. Rf4 Qd6 27. Bxe4 Rf8
28. Rf1 Rxe4 29. Kg2 Rexf4 30. Bxf4 Rxf4 0-1

[Event "Titled Tue 20th May Early"]
[Site "chess.com INT"]
[Date "2025.05.20"]
[Round "6"]
[White "Timofeev, Artyom"]
[Black "Ismagilov, Damir"]
[Result "1-0"]
[WhiteTitle "GM"]
[BlackTitle "CM"]
[WhiteElo "2548"]
[BlackElo "2173"]
[WhiteFideId "4140419"]
[BlackFideId "34199982"]
[EventDate "2025.05.20"]

1. e4 e5 2. Bc4 Nf6 3. d3 c6 4. Nf3 d5 5. exd5 cxd5 6. Bb3 Nc6 7. O-O Bd6 8. Bg5
Be6 9. Nc3 Bb8 10. Re1 O-O 11. Bxf6 gxf6 12. Nh4 d4 13. Qh5 dxc3 14. Re3 e4 15.
Rxe4 cxb2 16. Rae1 f5 17. Rxe6 fxe6 18. Bxe6+ Kg7 19. Bxf5 Rxf5 20. Nxf5+ Kf6
21. g4 Bf4 22. Qh4+ Bg5 23. Qxh7 Qh8 24. Qxb7 Rc8 25. Qxb2+ Kg6 26. Qxh8 Rxh8
27. Re6+ Kf7 28. Rxc6 1-0

[Event "Titled Tue 20th May Early"]
[Site "chess.com INT"]
[Date "2025.05.20"]
[Round "6"]
[White "Mitrabha, Guha"]
[Black "Goryachkina, Aleksandra"]
[Result "1-0"]
[WhiteTitle "GM"]
[BlackTitle "GM"]
[WhiteElo "2515"]
[BlackElo "2544"]
[WhiteFideId "5057000"]
[BlackFideId "4147103"]
[EventDate "2025.05.20"]

1. c4 c6 2. d4 d5 3. cxd5 cxd5 4. Nc3 Nf6 5. Bf4 Nc6 6. e3 Bf5 7. Qb3 Na5 8.
Qa4+ Bd7 9. Qc2 e6 10. Bd3 Rc8 11. Nf3 Bb4 12. O-O O-O 13. Ne5 h6 14. Rfc1 a6
15. Qe2 Bxc3 16. bxc3 b5 17. Qf3 Nc4 18. Bxc4 bxc4 19. Qe2 Ba4 20. Rab1 g5 21.
Bg3 Ne4 22. Rb4 Be8 23. Qb2 f6 24. Nf3 h5 25. Nd2 Nxd2 26. Qxd2 h4 27. Bxh4 gxh4
28. Qe2 Rf7 29. Qg4+ Rg7 30. Qxh4 Bg6 31. Qf4 Qe7 32. Rb6 Rf8 33. Rxa6 e5 34.
Qh4 Be4 35. g3 Qf7 36. Rf1 Bf3 37. Qh3 Rh7 38. Qf5 e4 39. Rb1 Rh5 40. Qf4 Qh7
41. h4 Rf5 42. Qd6 Qh5 43. Rb7 Rg5 44. Qxf8+ Kxf8 45. Ra8+ Qe8 46. Rxe8+ 1-0

[Event "Titled Tue 20th May Early"]
[Site "chess.com INT"]
[Date "2025.05.20"]
[Round "6"]
[White "Meylan, Andre"]
[Black "Danzer, George"]
[Result "1-0"]
[WhiteTitle "CM"]
[BlackTitle "CM"]
[WhiteElo "2138"]
[BlackElo "2172"]
[WhiteFideId "1301225"]
[BlackFideId "4659465"]
[EventDate "2025.05.20"]

1. e4 c5 2. Nf3 d6 3. d4 cxd4 4. Nxd4 Nf6 5. Nc3 a6 6. a4 Nc6 7. Be2 e5 8. Nf3
Be6 9. O-O h6 10. Re1 Be7 11. b3 O-O 12. Ba3 Rc8 13. Bf1 Qc7 14. Nd5 Bxd5 15.
exd5 Nb8 16. c4 Nbd7 17. Bd3 Nc5 18. Bc2 a5 19. Qd2 b6 20. Rad1 Nfd7 21. h4 f5
22. h5 Qd8 23. Qe2 Bg5 24. Rf1 Qf6 25. Bb2 Rce8 26. Ne1 Qf7 27. g3 e4 28. Ng2
Ne5 29. Bxe5 dxe5 30. f4 exf3 31. Rxf3 Qxh5 32. Qf1 g6 33. Re1 e4 34. Rf2 Qg4
35. b4 axb4 36. Kh2 b3 37. Bd1 e3 38. Bxg4 exf2 39. Rxe8 Rxe8 40. Be2 b2 41. Bd3
Re3 42. Bb1 1-0

[Event "Titled Tue 20th May Early"]
[Site "chess.com INT"]
[Date "2025.05.20"]
[Round "6"]
[White "Naranjo Moreno, Antonio"]
[Black "Saiz Rodriguez, Daniel Evelio"]
[Result "1-0"]
[WhiteTitle "FM"]
[BlackTitle "FM"]
[WhiteElo "2289"]
[BlackElo "2187"]
[WhiteFideId "2278626"]
[BlackFideId "3523420"]
[EventDate "2025.05.20"]

1. e4 c5 2. Nf3 g6 3. d4 cxd4 4. Nxd4 Nc6 5. Nc3 Bg7 6. Be3 Nf6 7. Nxc6 bxc6 8.
e5 Ng8 9. Bd4 Qa5 10. Bc4 Bxe5 11. O-O Nf6 12. Re1 Bxd4 13. Qxd4 O-O 14. Rxe7 d5
15. Qxf6 dxc4 16. Re5 Qd8 17. Qf4 Be6 18. Rd1 Qe7 19. Ne4 Kg7 20. Ng5 Qf6 21.
Qxf6+ Kxf6 22. Rxe6+ Kxg5 23. Rxc6 Rab8 24. b3 cxb3 25. axb3 Rfe8 26. Kf1 Rb5
27. Rc7 f5 28. Rxa7 Rc5 29. c4 Rb8 30. Rd3 h5 31. g3 Re5 32. f4+ 1-0

[Event "Titled Tue 20th May Early"]
[Site "chess.com INT"]
[Date "2025.05.20"]
[Round "6"]
[White "Guliev, Gasan"]
[Black "Omariev, Maksim"]
[Result "0-1"]
[WhiteTitle "CM"]
[BlackTitle "FM"]
[WhiteElo "2123"]
[BlackElo "2304"]
[WhiteFideId "34165638"]
[BlackFideId "4193423"]
[EventDate "2025.05.20"]

1. e4 c5 2. Nf3 d6 3. Nc3 Nf6 4. Bb5+ Nbd7 5. O-O a6 6. Bd3 e5 7. a4 b6 8. b3
Bb7 9. Re1 g6 10. Bc4 Bg7 11. d3 O-O 12. Bg5 h6 13. Bh4 g5 14. Bg3 Nh5 15. Nd2
Nf4 16. Nf1 Nf6 17. Ne3 Qd7 18. h3 Bc6 19. Bxf4 exf4 20. Ned5 Nxd5 21. Nxd5 Bxd5
22. Bxd5 Bxa1 23. Bxa8 Bc3 24. Bd5 Bxe1 25. Qh5 Kg7 26. h4 Qe7 27. Kf1 Bc3 0-1

[Event "Titled Tue 20th May Early"]
[Site "chess.com INT"]
[Date "2025.05.20"]
[Round "6"]
[White "Velavaa Ragavesh"]
[Black "Mohota, Nisha"]
[Result "1-0"]
[WhiteTitle "CM"]
[BlackTitle "IM"]
[WhiteElo "2107"]
[BlackElo "2161"]
[WhiteFideId "25738011"]
[BlackFideId "5004330"]
[EventDate "2025.05.20"]

1. b3 e5 2. Bb2 d6 3. c4 g6 4. Nc3 Bg7 5. e3 Nc6 6. g3 e4 7. Bg2 f5 8. Qc2 Nf6
9. a3 a5 10. Nge2 Ne5 11. O-O Nf3+ 12. Kh1 h5 13. d3 Qe7 14. Nd4 exd3 15. Qxd3
Ne5 16. Qc2 h4 17. e4 hxg3 18. fxg3 Neg4 19. Rae1 Rxh2+ 20. Kg1 Nxe4 21. Nxe4
Kd8 22. Nf3 Bxb2 23. Qxb2 Rxg2+ 24. Kxg2 fxe4 25. Qh8+ Kd7 26. Ng5 Kc6 27. Nxe4
Bf5 28. Qd4 Qe5 29. Qxe5 Nxe5 30. Nf6 Rf8 31. Nd5 b5 32. Ne7+ Kd7 33. Nxf5 gxf5
34. cxb5 Nd3 35. Re3 Nc5 36. Ref3 Ne4 37. Rxf5 Rg8 38. Rf7+ Ke6 39. R7f3 Kd5 40.
Rd1+ Kc5 41. a4 Kb6 42. Rc1 Nd2 43. Rc6+ Kb7 44. Rf7 Nxb3 45. Rfxc7+ Kb8 46. Rd7
Nc5 47. Rdxd6 Ne4 48. Rg6 Rf8 49. Rg7 Rf2+ 50. Kh3 Rf8 51. Rcg6 Rh8+ 52. Kg4 Rf8
53. Rg8 Nf6+ 54. Rxf6 Rxg8+ 55. Kf4 Kb7 56. g4 Rd8 57. Ke4 1-0

[Event "Titled Tue 20th May Early"]
[Site "chess.com INT"]
[Date "2025.05.20"]
[Round "6"]
[White "Stichter, Constantin Paul"]
[Black "Karttunen, Mika"]
[Result "0-1"]
[BlackTitle "IM"]
[WhiteElo "2209"]
[BlackElo "2490"]
[WhiteFideId "34603140"]
[BlackFideId "502081"]
[EventDate "2025.05.20"]

1. c4 Nf6 2. Nc3 e5 3. g3 d6 4. Bg2 Nc6 5. d3 h6 6. Nf3 g6 7. O-O Bg7 8. Nd5 Nh7
9. Be3 g5 10. h4 g4 11. Nh2 f5 12. f3 f4 13. gxf4 g3 14. Ng4 h5 15. fxe5 hxg4
16. fxg4 Qxh4 17. Nxc7+ Kd8 18. Rf7 Qh2+ 19. Kf1 Nxe5 20. Rxg7 Rf8+ 21. Ke1 Qxg2
22. Kd2 Rf7 23. Rxf7 Nxf7 24. Nxa8 Bxg4 25. Qe1 Ne5 26. Bxa7 Nf3+ 27. Kc3 Nxe1
28. Rxe1 Bxe2 29. Bb6+ Kc8 30. Nc7 Qf3 31. Nd5 Qxd3+ 32. Kb4 Qxc4+ 33. Ka3 Qxd5
34. Rxe2 Kd7 35. Rd2 Qxd2 0-1

[Event "Titled Tue 20th May Early"]
[Site "chess.com INT"]
[Date "2025.05.20"]
[Round "6"]
[White "Klukin, Kirill"]
[Black "Bortnyk, Olexandr"]
[Result "0-1"]
[WhiteTitle "IM"]
[BlackTitle "GM"]
[WhiteElo "2407"]
[BlackElo "2601"]
[WhiteFideId "24199273"]
[BlackFideId "14120828"]
[EventDate "2025.05.20"]

1. d4 Nf6 2. Nf3 b6 3. e3 Bb7 4. Bd3 g6 5. O-O Bg7 6. b3 O-O 7. Bb2 d5 8. c4 e6
9. Nc3 Na6 10. cxd5 exd5 11. Rc1 c5 12. dxc5 bxc5 13. Na4 Rc8 14. Qe2 Qd6 15.
Rfd1 Rfe8 16. Bb5 Re7 17. Ba3 Ne4 18. Nd2 d4 19. Nxe4 Rxe4 20. Bxa6 Bxa6 21. Qf3
Re5 22. exd4 Rf5 23. Qe3 Bxd4 24. Rxd4 Qxd4 25. Qg3 c4 26. Bb2 Qf4 27. Qxf4 Rxf4
28. b4 c3 29. Rxc3 Rxb4 0-1

[Event "Titled Tue 20th May Early"]
[Site "chess.com INT"]
[Date "2025.05.20"]
[Round "6"]
[White "Karvatskyi, Oleksii"]
[Black "Wu, Derek"]
[Result "0-1"]
[WhiteTitle "CM"]
[BlackTitle "FM"]
[WhiteElo "2248"]
[BlackElo "2232"]
[WhiteFideId "14191059"]
[BlackFideId "30914558"]
[EventDate "2025.05.20"]

1. Nc3 c5 2. Nf3 Nc6 3. d4 cxd4 4. Nxd4 Nf6 5. Bg5 d6 6. e4 e6 7. Bb5 Bd7 8. O-O
Be7 9. Re1 a6 10. Bxc6 bxc6 11. e5 dxe5 12. Rxe5 O-O 13. Ne4 Nxe4 14. Bxe7 Qxe7
15. Rxe4 Rfd8 16. c4 c5 17. Nf5 Qf6 18. Ng3 Bc6 19. Qc2 Bxe4 20. Nxe4 Qd4 21.
Re1 h6 22. b3 a5 23. h3 Rab8 24. Kh2 a4 25. Re3 axb3 26. axb3 Qe5+ 27. g3 Qf5
28. Qe2 Rd4 29. Kg2 Rbd8 30. Nc3 Rd2 31. Qe1 R8d3 32. Ne4 Rxe3 33. Qxe3 Rd4 34.
f3 Qe5 35. Qf2 f5 36. Nc3 Rd3 37. f4 Qxc3 38. Qxc5 Rd2+ 0-1

[Event "Titled Tue 20th May Early"]
[Site "chess.com INT"]
[Date "2025.05.20"]
[Round "6"]
[White "Emeliantsev, Anatoliy"]
[Black "Christie, Joshua"]
[Result "0-1"]
[WhiteTitle "FM"]
[BlackTitle "FM"]
[WhiteElo "2359"]
[BlackElo "2213"]
[WhiteFideId "4160681"]
[BlackFideId "7402074"]
[EventDate "2025.05.20"]

1. d4 Nf6 2. c4 e6 3. Nc3 Bb4 4. a3 Bxc3+ 5. bxc3 O-O 6. f3 c5 7. e4 d6 8. Bd3
Nc6 9. Ne2 b6 10. O-O Ba6 11. Bg5 h6 12. Bh4 e5 13. f4 exf4 14. Nxf4 g5 15. Bg3
cxd4 16. Nd5 Nxd5 17. exd5 Ne5 18. Bxe5 dxe5 19. Qh5 Kg7 20. Rf5 Qe7 21. Raf1 f6
22. Rxg5+ fxg5 23. Qg6+ Kh8 24. Qxh6+ Kg8 25. Bf5 Rf6 26. Qxg5+ Kf8 27. Rf3 Qg7
28. Qh4 Ke7 0-1

[Event "Titled Tue 20th May Early"]
[Site "chess.com INT"]
[Date "2025.05.20"]
[Round "6"]
[White "Korchynskyi, Mykola"]
[Black "Terry, Renato"]
[Result "0-1"]
[WhiteTitle "FM"]
[BlackTitle "IM"]
[WhiteElo "2325"]
[BlackElo "2508"]
[WhiteFideId "34138005"]
[BlackFideId "3803457"]
[EventDate "2025.05.20"]

1. d4 e6 2. c4 Bb4+ 3. Nc3 f5 4. Qc2 Nf6 5. g3 O-O 6. Bg2 d6 7. Bd2 e5 8. dxe5
dxe5 9. e3 c6 10. Nf3 Qe7 11. a3 Bd6 12. O-O Be6 13. Ne2 Ne4 14. b4 Nd7 15. c5
Bc7 16. Bc3 Bd5 17. Rad1 a5 18. Nd2 Ndf6 19. Nxe4 Nxe4 20. Bb2 Qe6 21. Qc1 axb4
22. axb4 Bb3 23. Rd3 Bc4 24. Bxe4 fxe4 25. Rd2 Rf7 26. Rfd1 Raf8 27. Nc3 Bd3 28.
Qa1 Qg4 29. Qa7 Bb8 30. Qa2 Kh8 31. Ba1 h5 32. f4 exf4 33. exf4 Bxf4 34. Rxd3
exd3 35. Rxd3 Be5 36. Kg2 h4 37. h3 Qg6 38. Re3 Bd4 39. Rd3 Qxd3 0-1